Connecting East Asia : (Record no. 16397)
[ view plain ]
| 000 -LEADER | |
|---|---|
| fixed length control field | 00665cam a2200193 a 4500 |
| 020 ## - INTERNATIONAL STANDARD BOOK NUMBER | |
| ISBN | 0821361627 |
| 020 ## - INTERNATIONAL STANDARD BOOK NUMBER | |
| ISBN | 0821361635 |
| 020 ## - INTERNATIONAL STANDARD BOOK NUMBER | |
| ISBN | 9780821361627 |
| 022 ## - INTERNATIONAL STANDARD SERIAL NUMBER | |
| ISSN | 363 ASI 2005 A089 Or. |
| 040 ## - CATALOGING SOURCE | |
| Transcribing agency | DJB |
| 245 00 - TITLE STATEMENT | |
| Title | Connecting East Asia : |
| Remainder of title | a new framework for infrastructure |
| 260 ## - PUBLICATION, DISTRIBUTION, ETC. (IMPRINT) | |
| Place of publication | [Mandaluyong City, Philippines] : |
| Name of publisher | Asian Development Bank ; |
| Place of publication | [Tokyo] : |
| Name of publisher | Japan Bank for International Cooperation ; |
| Place of publication | [Washington, D.C.] : |
| Name of publisher | World Bank, |
| Year of publication | c2005 |
| 300 ## - PHYSICAL DESCRIPTION | |
| Number of Pages | lvi, 251 p. : |
| Other physical details | ill. ; |
| Dimensions | 24 cm |
| 650 #0 - SUBJECT ADDED ENTRY--TOPICAL TERM | |
| Topical Term | Infrastructure (Economics) |
| 710 2# - ADDED ENTRY--CORPORATE NAME | |
| Corporate name or jurisdiction name as entry element | Asian Development Bank |
| 710 2# - ADDED ENTRY--CORPORATE NAME | |
| Corporate name or jurisdiction name as entry element | Kokusai Ky¿ryoku Gink¿ |
| 710 2# - ADDED ENTRY--CORPORATE NAME | |
| Corporate name or jurisdiction name as entry element | World Bank |
| 942 ## - ADDED ENTRY ELEMENTS (KOHA) | |
| Koha item type | សៀវភៅភាសាអង់គ្លេស |
No items available.